000 02031nam0a2200385 4500
001 RU\NLR\BIBL_A\012542212
005 20211209115600.0
010 _a978-5-7638-4286-9
_9350
021 _aRU
_bКН-П-21-004789
_9КН-П-21-0370
035 _a(NLR Aleph) 012542212
035 _a(RuMoRGB)010561139
090 _a12403965
_c12403965
100 _a20210609d2020 u y0rusy50 ca
101 0 _arus
102 _aRU
105 _aac z 000yy
181 0 _ai
_baxxe
182 0 _an
200 1 _aИнженерное образование - дело всей жизни
_eвоспоминания о ректоре С. А. Подлесном
_fМинистерство науки и высшего образования Российской Федерации, Сибирский федеральный университет
_gпод общей редакцией Н. Н. Подлесной
203 _aТекст
_bвизуальный
_cнепосредственный
210 _aКрасноярск
_cСФУ
_d2020
215 _a383, [1] с.
_cцв. ил., портр., цв. портр.
_d25
320 _aБиблиогр.: с. 375-376 и в подстроч. примеч.
600 1 _aПодлесный
_bС. А.
_f1942 - 2017
_gСергей Антонович
_jВоспоминания, записки и т.п
_92482165
_3RU\NLR\AUTH\6601689945
686 1 _aЧ488.74(2Р)7-8Подлесный
686 1 _aЗ84д(2)Подлесный
702 1 _aПодлесная
_bН. Н.
_gНаталья Николаевна
_4340
702 1 _aПодлесный
_bС. А.
_f1942-2017
_gСергей Антонович
_4570
712 0 2 _4475
_aСибирский федеральный университет
_cКрасноярск
_9693232
_3RU\NLR\AUTH\8810095991
942 _cBOOK
980 _aNBR
980 _aNB